Cities in Japan With Over 1 Million People - Statistics

General Stats
  • This quiz has been taken 67 times
    66 since last reset
  • The average score is 9 of 13
Answer Stats
Population City % Correct
37,468,302 Tokyo
100%
1,143,841 Hiroshima
94%
2,592,413 Osaka
92%
1,459,640 Kyoto
86%
3,574,443 Yokohama
82%
2,191,279 Nagoya
80%
1,883,027 Sapporo
78%
1,528,478 Kobe
74%
1,392,289 Fukuoka
72%
1,063,103 Sendai
66%
1,306,785 Kawasaki
42%
1,193,350 Saitama
38%
1,077,730 Yono
4%
No matching quizzes found
Score Distribution
Percent of People with Each Score
Percentile by Number Answered
Your Score History
You have not taken this quiz since the last reset